Η Ευρώπη απο το 1789 μέχρι το 1914

Αποθηκεύτηκε σε:
Λεπτομέρειες βιβλιογραφικής εγγραφής
Κύριος συγγραφέας: Dreyfus, Francois G.
Άλλοι συγγραφείς: Marx, Ronald W., Poidevin, Raymond, Λούβρου, Eιρήνη (trlf)
Μορφή: Βιβλίο
Γλώσσα:Greek
French
Δημοσίευση: Αθήνα : Παπαζήσης, 1990.
Θέματα:
Ετικέτες: Προσθήκη ετικέτας
Δεν υπάρχουν, Καταχωρήστε ετικέτα πρώτοι!

MARC

LEADER 00000cam a2200000 i 4500
001 1/28686
008 950621s1990 gr | ||| |||| ||gre||
035 |a 1992  |c ΔΩΡΕΑ  |l 10038136 
040 |a GR-MY-UA  |b gre  |e aacr 
041 1 |a gre  |h fre 
082 7 |a 940   |2 (22) 
100 1 |a Dreyfus, Francois G. 
245 1 2 |a Η Ευρώπη απο το 1789 μέχρι το 1914 /   |c Francois-Georges Dreyfus, Roland Marz, Raymond Poidevin ; μετάφραση: Ε. Λούβρου.  
260 |a Αθήνα :   |b Παπαζήσης,   |c 1990.  
300 |a 345 σ. :   |b εικ. ;   |c 25 εκ.  
500 |a Μετάφραση μέρους από το έργο Histoire generale de l'Europe 
651 0 |a Europe  |x History. 
700 1 |a Marx, Ronald W. 
700 1 |a Poidevin, Raymond. 
700 1 |a Λούβρου, Eιρήνη,  |e trlf 
774 1 |t Γενική ιστορία της Ευρώπης 
852 |a INST  |b LESVOS  |e 19950621  |h 940 ΓΕΝ  |p 005100005539  |q 005100005539  |t BK  |y 0  |z ??? 
852 |a INST  |b LESVOS  |e 19950621  |h 940 ΓΕΝ  |p 005100005540  |q 005100005540  |t BK  |y 0  |z ??? 
852 |a INST  |b LESVOS  |e 19950621  |h 940 ΓΕΝ  |p 005100005539  |q 005100005539  |t BK  |v (Unknown.)???:  |y 0  |z ??? 
852 |a INST  |b LESVOS  |e 19950621  |h 940 ΓΕΝ  |p 005100005540  |q 005100005540  |t BK  |v (Unknown.)???:  |y 0  |z ??? 
852 |a INST  |b SAMOS  |e 19960618  |h 940 DRE  |p 005300003377  |q 005300003377  |t BK  |y 0  |z τ.4 
852 |a INST  |b SAMOS  |e 19960618  |h 940 DRE  |p 005300003377  |q 005300003377  |t BK  |v τ.4:  |y 0  |z τ.4 
853 |a INST  |b LESVOS  |h 940 ΓΕΝ 
853 |a INST  |b SAMOS  |h 940 DRE 
909 |a Λ  |b 019517 
909 |a Λ  |b 023664 
909 |a Σ  |b 023679 
970 |z 1995/06